00462 a2200145 450000100060000009000170000610000190002324500840004225000060012626000330013250500110016594200250017699900190020195200960022031164 c21177d21177 aKelly S Graham aFundamentals of Mechanical Vibration, MATLAB & M files to accompany With CD,2/e a2 aSingaporebMcGraw Hillc2000 aCD/DVD aNUST-CAEk531.32 KEL c266237d266237 001040708NFICaCAEbCAEd2017-04-03l0o531.32 KELpCAEN-352r2017-04-05w2017-04-05yBK